| 000 | 00675nam a2200217 a 4500 | ||
|---|---|---|---|
| 005 | 20210219153107.0 | ||
| 008 | 991125n 000 0 u | ||
| 035 | _aUPN01000077765 | ||
| 100 | _aBrown, R. L | ||
| 222 | _aEDUCATIONAL AND PSYCHOLOGICAL MEASUREMENT | ||
| 245 | _aEstimation problems with type I censored response distributions in structural equation modeling | ||
| 300 | _a325-336 | ||
| 362 | _a52, No. 2, 1992 | ||
| 505 | _aDiciembre 1992 | ||
| 653 | 0 | _aESTIMACION (MATEMATICAS) | |
| 653 | 0 | _aMODELO DE ECUACIONES ESTADISTICAS | |
| 653 | 0 | _aMODELOS MATEMATICOS | |
| 653 | 0 | _aPROBLEMAS DE INVESTIGACION | |
| 904 |
_aAC _b015576 |
||
| 905 | _aArticulo | ||
| 999 |
_c68312 _d68312 |
||